2022/23 Premier League first XI - Statistics

General Stats
  • This quiz has been taken 3 times
  • The average score is 119 of 220
Answer Stats
Answer % Correct
Aaron Hickey
100%
Aaron Ramsdale
100%
Aleksandar Mitrović
100%
Alisson
100%
Antonee Robinson
100%
Ben Chilwell
100%
Ben White
100%
Bryan Mbeumo
100%
Bukayo Saka
100%
César Azpilicueta
100%
Danny Ings
100%
Danny Ward
100%
David Raya
100%
Dean Henderson
100%
Édouard Mendy
100%
Emiliano Martínez
100%
Ezri Konsa
100%
Fabinho
100%
Gabriel Jesus
100%
Gabriel Magalhães
100%
Gabriel Martinelli
100%
Granit Xhaka
100%
Illan Meslier
100%
Ivan Toney
100%
James Maddison
100%
James Tarkowski
100%
Jamie Vardy
100%
Joël Matip
100%
John McGinn
100%
Jordan Henderson
100%
Jordan Pickford
100%
Jorginho
100%
José Sá
100%
Kai Havertz
100%
Kalidou Koulibaly
100%
Leon Bailey
100%
Lisandro Martínez
100%
Lucas Digne
100%
Luis Díaz
100%
Martin Ødegaard
100%
Mason Mount
100%
Mathias Jensen
100%
Matty Cash
100%
Mohamed Salah
100%
Morgan Gibbs-White
100%
Nathan Patterson
100%
N'Golo Kanté
100%
Oleksandr Zinchenko
100%
Philippe Coutinho
100%
Pontus Jansson
100%
Raheem Sterling
100%
Reece James
100%
Rico Henry
100%
Roberto Firmino
100%
Rodri
100%
Rúben Dias
100%
Thiago
100%
Thiago Silva
100%
Thomas Partey
100%
Timothy Castagne
100%
Trent Alexander-Arnold
100%
Virgil van Dijk
100%
Vitalii Mykolenko
100%
Vitaly Janelt
100%
Wilfred Ndidi
100%
William Saliba
100%
Yerry Mina
100%
Yoane Wissa
100%
Youri Tielemans
100%
Abdoulaye Doucouré
50%
Adam Lallana
50%
Adam Smith
50%
Adam Webster
50%
Alexis Mac Allister
50%
Alex Iwobi
50%
Andreas Pereira
50%
Andy Robertson
50%
Anthony Gordon
50%
Ben Davies
50%
Ben Godfrey
50%
Ben Mee
50%
Ben Pearson
50%
Bobby de Cordova-Reid
50%
Boubacar Kamara
50%
Brenden Aaronson
50%
Bruno Fernandes
50%
Cheick Doucouré
50%
Chris Mepham
50%
Christian Eriksen
50%
Christian Nørgaard
50%
Cristian Romero
50%
Daniel Amartey
50%
Danny Welbeck
50%
David de Gea
50%
Dejan Kulusevski
50%
Demarai Gray
50%
Diego Carlos
50%
Diego Llorente
50%
Diogo Dalot
50%
Dominic Solanke
50%
Dwight McNeil
50%
Eberechi Eze
50%
Ederson
50%
Eric Dier
50%
Erling Haaland
50%
Fred
50%
Gavin Bazunu
50%
Harrison Reed
50%
Harry Kane
50%
Harry Maguire
50%
Heung-min Son
50%
Hugo Lloris
50%
İlkay Gündoğan
50%
Jack Grealish
50%
Jack Harrison
50%
Jacob Ramsey
50%
James Justin
50%
Jan Bednarek
50%
Jefferson Lerma
50%
Jeffrey Schlupp
50%
Joachim Andersen
50%
João Cancelo
50%
João Palhinha
50%
Joël Veltman
50%
Jonny Evans
50%
Jordan Ayew
50%
Jordan Zemura
50%
Kenny Tete
50%
Kevin De Bruyne
50%
Kieffer Moore
50%
Kiernan Dewsbury-Hall
50%
Kyle Walker
50%
Leandro Trossard
50%
Lewis Dunk
50%
Lloyd Kelly
50%
Luke Shaw
50%
Marc Guéhi
50%
Marc Roca
50%
Marcus Rashford
50%
Marcus Tavernier
50%
Marek Rodák
50%
Mark Travers
50%
Mohammed Salisu
50%
Moisés Caicedo
50%
Nathan Aké
50%
Nathaniel Clyne
50%
Neeskens Kebano
50%
Odsonne Édouard
50%
Pascal Groß
50%
Pascal Struijk
50%
Patrick Bamford
50%
Phil Foden
50%
Philip Billing
50%
Pierre-Emile Højbjerg
50%
Rasmus Kristensen
50%
Robert Sánchez
50%
Robin Koch
50%
Rodrigo
50%
Rodrigo Bentancur
50%
Scott McTominay
50%
Solly March
50%
Tim Ream
50%
Tosin Adarabioyo
50%
Tyler Adams
50%
Tyrick Mitchell
50%
Vicente Guaita
50%
Wesley Fofana
50%
Wilfried Zaha
50%
Aaron Cresswell
0%
Adam Armstrong
0%
Allan Saint-Maximin
0%
Ben Johnson
0%
Brennan Johnson
0%
Bruno Guimarães
0%
Callum Wilson
0%
Dan Burn
0%
Daniel Podence
0%
Declan Rice
0%
Emerson Royal
0%
Fabian Schär
0%
Harry Toffolo
0%
Hee-chan Hwang
0%
Jack Colback
0%
Jadon Sancho
0%
James Ward-Prowse
0%
Jarrod Bowen
0%
Jesse Lingard
0%
Joe Aribo
0%
Joelinton
0%
Joe Willock
0%
Joe Worrall
0%
Jonny
0%
Kieran Trippier
0%
Kurt Zouma
0%
Kyle Walker-Peters
0%
Leander Dendoncker
0%
Lewis O'Brien
0%
Łukasz Fabiański
0%
Manuel Lanzini
0%
Matt Targett
0%
Max Kilman
0%
Michail Antonio
0%
Miguel Almirón
0%
Moussa Djenepo
0%
Moussa Niakhaté
0%
Nathan Collins
0%
Neco Williams
0%
Nick Pope
0%
Oriol Romeu
0%
Pablo Fornals
0%
Pedro Neto
0%
Rayan Aït-Nouri
0%
Roméo Lavia
0%
Rúben Neves
0%
Ryan Sessegnon
0%
Sam Surridge
0%
Scott McKenna
0%
Tomáš Souček
0%
Vladimír Coufal
0%
Yan Valery
0%
No matching quizzes found
Score Distribution
Percent of People with Each Score
Percentile by Number Answered
Your Score History
You have not taken this quiz